000
00276cam a2200133ua 4500
041
_a
eng
_h
082
_a
621.43
_b
MAT/IN
100
_a
Mathur, M L.
245
_a
Course in Internal combustian engines
300
_a
; .
504
_a
942
_c
BK
999
_c
11324
_d
11324